<?xml version="1.0" encoding="UTF-8"?>
<record
    xmlns:xsi="http://www.w3.org/2001/XMLSchema-instance"
    xsi:schemaLocation="http://www.loc.gov/MARC21/slim http://www.loc.gov/standards/marcxml/schema/MARC21slim.xsd"
    xmlns="http://www.loc.gov/MARC21/slim">

  <leader>03454nam a22003017a 4500</leader>
  <controlfield tag="003">NALT</controlfield>
  <controlfield tag="005">20241112154513.0</controlfield>
  <controlfield tag="008">230503b        th ||||| |||| 00| 0 tha d</controlfield>
  <datafield tag="020" ind1=" " ind2=" ">
    <subfield code="a">9786169391104</subfield>
  </datafield>
  <datafield tag="040" ind1=" " ind2=" ">
    <subfield code="a">NALT</subfield>
  </datafield>
  <datafield tag="090" ind1=" " ind2=" ">
    <subfield code="a">KT 122</subfield>
    <subfield code="b">&#xE19;114&#xE23;</subfield>
  </datafield>
  <datafield tag="100" ind1="0" ind2=" ">
    <subfield code="9">5386</subfield>
    <subfield code="a">&#xE19;&#xE04;&#xE23; &#xE1E;&#xE08;&#xE19;&#xE27;&#xE23;&#xE1E;&#xE07;&#xE29;&#xE4C;</subfield>
  </datafield>
  <datafield tag="245" ind1="1" ind2="0">
    <subfield code="a">&#xE23;&#xE27;&#xE21;&#xE01;&#xE0E;&#xE2B;&#xE21;&#xE32;&#xE22; "&#xE04;&#xE14;&#xE35;&#xE17;&#xE38;&#xE08;&#xE23;&#xE34;&#xE15;&#xE41;&#xE25;&#xE30;&#xE1B;&#xE23;&#xE30;&#xE1E;&#xE24;&#xE15;&#xE34;&#xE21;&#xE34;&#xE0A;&#xE2D;&#xE1A;" (&#xE41;&#xE01;&#xE49;&#xE44;&#xE02;&#xE40;&#xE1E;&#xE34;&#xE48;&#xE21;&#xE40;&#xE15;&#xE34;&#xE21; &#xE1B;&#xE31;&#xE08;&#xE08;&#xE38;&#xE1A;&#xE31;&#xE19; 2564) /</subfield>
    <subfield code="c">&#xE19;&#xE04;&#xE23; &#xE1E;&#xE08;&#xE19;&#xE27;&#xE23;&#xE1E;&#xE07;&#xE29;&#xE4C;, &#xE0A;&#xE32;&#xE25;&#xE35; &#xE17;&#xE31;&#xE1E;&#xE20;&#xE27;&#xE34;&#xE21;&#xE25;, &#xE40;&#xE14;&#xE0A;&#xE32; &#xE22;&#xE34;&#xE49;&#xE21;&#xE2D;&#xE33;&#xE19;&#xE27;&#xE22;.</subfield>
  </datafield>
  <datafield tag="260" ind1=" " ind2=" ">
    <subfield code="a">&#xE01;&#xE23;&#xE38;&#xE07;&#xE40;&#xE17;&#xE1E;&#xE2F; :</subfield>
    <subfield code="b">&#xE2A;&#xE33;&#xE19;&#xE31;&#xE01;&#xE01;&#xE0E;&#xE2B;&#xE21;&#xE32;&#xE22;&#xE15;&#xE23;&#xE32;&#xE2A;&#xE32;&#xE21;&#xE14;&#xE27;&#xE07;,</subfield>
    <subfield code="c">2564.</subfield>
  </datafield>
  <datafield tag="300" ind1=" " ind2=" ">
    <subfield code="a">234 &#xE2B;&#xE19;&#xE49;&#xE32; :</subfield>
    <subfield code="b">&#xE20;&#xE32;&#xE1E;&#xE1B;&#xE23;&#xE30;&#xE01;&#xE2D;&#xE1A; ;</subfield>
    <subfield code="c">21 &#xE0B;&#xE21;.</subfield>
  </datafield>
  <datafield tag="505" ind1="0" ind2=" ">
    <subfield code="a">&#xE23;&#xE27;&#xE21;&#xE01;&#xE0E;&#xE1E;&#xE23;&#xE30;&#xE23;&#xE32;&#xE0A;&#xE1A;&#xE31;&#xE0D;&#xE0D;&#xE31;&#xE15;&#xE34; "&#xE04;&#xE14;&#xE35;&#xE17;&#xE38;&#xE08;&#xE23;&#xE34;&#xE15;&#xE41;&#xE25;&#xE30;&#xE1B;&#xE23;&#xE30;&#xE1E;&#xE24;&#xE15;&#xE34;&#xE21;&#xE34;&#xE0A;&#xE2D;&#xE1A;" -- &#xE1E;&#xE23;&#xE30;&#xE23;&#xE32;&#xE0A;&#xE1A;&#xE31;&#xE0D;&#xE0D;&#xE31;&#xE15;&#xE34;&#xE08;&#xE31;&#xE14;&#xE15;&#xE31;&#xE49;&#xE07;&#xE28;&#xE32;&#xE25;&#xE2D;&#xE32;&#xE0D;&#xE32;&#xE04;&#xE14;&#xE35;&#xE17;&#xE38;&#xE08;&#xE23;&#xE34;&#xE15;&#xE41;&#xE25;&#xE30;&#xE1B;&#xE23;&#xE30;&#xE1E;&#xE24;&#xE15;&#xE34;&#xE21;&#xE34;&#xE0A;&#xE2D;&#xE1A; &#xE1E;.&#xE28;. 2559 -- &#xE1E;&#xE23;&#xE30;&#xE23;&#xE32;&#xE0A;&#xE1A;&#xE31;&#xE0D;&#xE0D;&#xE31;&#xE15;&#xE34;&#xE27;&#xE34;&#xE18;&#xE35;&#xE1E;&#xE34;&#xE08;&#xE32;&#xE23;&#xE13;&#xE32;&#xE04;&#xE14;&#xE35;&#xE17;&#xE38;&#xE08;&#xE23;&#xE34;&#xE15;&#xE41;&#xE25;&#xE30;&#xE1B;&#xE23;&#xE30;&#xE1E;&#xE24;&#xE15;&#xE34;&#xE21;&#xE34;&#xE0A;&#xE2D;&#xE1A; &#xE1E;.&#xE28;.2559 -- &#xE1E;&#xE23;&#xE30;&#xE23;&#xE32;&#xE0A;&#xE01;&#xE24;&#xE29;&#xE0E;&#xE35;&#xE01;&#xE32;&#xE01;&#xE33;&#xE2B;&#xE19;&#xE14;&#xE08;&#xE33;&#xE19;&#xE27;&#xE19; &#xE17;&#xE35;&#xE48;&#xE15;&#xE31;&#xE49;&#xE07; &#xE40;&#xE02;&#xE15;&#xE28;&#xE32;&#xE25;&#xE41;&#xE25;&#xE30;&#xE27;&#xE31;&#xE19;&#xE40;&#xE1B;&#xE34;&#xE14;&#xE17;&#xE33;&#xE01;&#xE32;&#xE23;&#xE28;&#xE32;&#xE25;&#xE2D;&#xE32;&#xE0D;&#xE32;&#xE04;&#xE14;&#xE35;&#xE17;&#xE38;&#xE08;&#xE23;&#xE34;&#xE15;&#xE41;&#xE25;&#xE30;&#xE1B;&#xE23;&#xE30;&#xE1E;&#xE24;&#xE15;&#xE34;&#xE21;&#xE34;&#xE0A;&#xE2D;&#xE1A;&#xE20;&#xE32;&#xE04; &#xE1E;.&#xE28;. 2560 -- &#xE02;&#xE49;&#xE2D;&#xE1A;&#xE31;&#xE07;&#xE04;&#xE31;&#xE1A;&#xE02;&#xE2D;&#xE07;&#xE1B;&#xE23;&#xE30;&#xE18;&#xE32;&#xE19;&#xE28;&#xE32;&#xE25;&#xE0E;&#xE35;&#xE01;&#xE32;&#xE27;&#xE48;&#xE32;&#xE14;&#xE49;&#xE27;&#xE22;&#xE27;&#xE34;&#xE18;&#xE35;&#xE01;&#xE32;&#xE23;&#xE14;&#xE33;&#xE40;&#xE19;&#xE34;&#xE19;&#xE04;&#xE14;&#xE35;&#xE17;&#xE38;&#xE08;&#xE23;&#xE34;&#xE15;&#xE41;&#xE25;&#xE30;&#xE1B;&#xE23;&#xE30;&#xE1E;&#xE24;&#xE15;&#xE34;&#xE21;&#xE34;&#xE0A;&#xE2D;&#xE1A; &#xE1E;.&#xE28;. 2559 (&#xE41;&#xE01;&#xE49;&#xE44;&#xE02;&#xE16;&#xE36;&#xE07;&#xE1B;&#xE31;&#xE08;&#xE08;&#xE38;&#xE1A;&#xE31;&#xE19; &#xE09;&#xE1A;&#xE31;&#xE1A;&#xE17;&#xE35;&#xE48; 4 &#xE1E;.&#xE28;. 2560) -- &#xE1E;&#xE23;&#xE30;&#xE23;&#xE32;&#xE0A;&#xE1A;&#xE31;&#xE0D;&#xE0D;&#xE31;&#xE15;&#xE34;&#xE1B;&#xE23;&#xE30;&#xE01;&#xE2D;&#xE1A;&#xE23;&#xE31;&#xE10;&#xE18;&#xE23;&#xE23;&#xE21;&#xE19;&#xE39;&#xE0D;&#xE27;&#xE48;&#xE32;&#xE14;&#xE49;&#xE27;&#xE22;&#xE27;&#xE34;&#xE18;&#xE35;&#xE1E;&#xE34;&#xE08;&#xE32;&#xE23;&#xE13;&#xE32;&#xE04;&#xE14;&#xE35;&#xE2D;&#xE32;&#xE0D;&#xE32;&#xE02;&#xE2D;&#xE07;&#xE1C;&#xE39;&#xE49;&#xE14;&#xE33;&#xE23;&#xE07;&#xE15;&#xE33;&#xE41;&#xE2B;&#xE19;&#xE48;&#xE07;&#xE17;&#xE32;&#xE07;&#xE01;&#xE32;&#xE23;&#xE40;&#xE21;&#xE37;&#xE2D;&#xE07; &#xE1E;.&#xE28;. 2560 -- &#xE02;&#xE49;&#xE2D;&#xE01;&#xE33;&#xE2B;&#xE19;&#xE14;&#xE40;&#xE01;&#xE35;&#xE48;&#xE22;&#xE27;&#xE01;&#xE31;&#xE1A;&#xE01;&#xE32;&#xE23;&#xE14;&#xE33;&#xE40;&#xE19;&#xE34;&#xE19;&#xE04;&#xE14;&#xE35;&#xE02;&#xE2D;&#xE07;&#xE28;&#xE32;&#xE25;&#xE0E;&#xE35;&#xE01;&#xE32;&#xE41;&#xE1C;&#xE19;&#xE01;&#xE04;&#xE14;&#xE35;&#xE2D;&#xE32;&#xE0D;&#xE32;&#xE02;&#xE2D;&#xE07;&#xE1C;&#xE39;&#xE49;&#xE14;&#xE33;&#xE23;&#xE07;&#xE15;&#xE33;&#xE41;&#xE2B;&#xE19;&#xE48;&#xE07;&#xE17;&#xE32;&#xE07;&#xE01;&#xE32;&#xE23;&#xE40;&#xE21;&#xE37;&#xE2D;&#xE07; &#xE1E;.&#xE28;. 2562 -- &#xE1E;&#xE23;&#xE30;&#xE23;&#xE32;&#xE0A;&#xE1A;&#xE31;&#xE0D;&#xE0D;&#xE31;&#xE15;&#xE34;&#xE1B;&#xE23;&#xE30;&#xE01;&#xE2D;&#xE1A;&#xE23;&#xE31;&#xE10;&#xE18;&#xE23;&#xE23;&#xE21;&#xE19;&#xE39;&#xE0D;&#xE27;&#xE48;&#xE32;&#xE14;&#xE49;&#xE27;&#xE22;&#xE01;&#xE32;&#xE23;&#xE1B;&#xE49;&#xE2D;&#xE07;&#xE01;&#xE31;&#xE19;&#xE41;&#xE25;&#xE30;&#xE1B;&#xE23;&#xE32;&#xE1A;&#xE1B;&#xE23;&#xE32;&#xE21;&#xE01;&#xE32;&#xE23;&#xE17;&#xE38;&#xE08;&#xE23;&#xE34;&#xE15; &#xE1E;.&#xE28;. 2560.

</subfield>
  </datafield>
  <datafield tag="610" ind1="2" ind2="0">
    <subfield code="a"> </subfield>
    <subfield code="9">19117</subfield>
  </datafield>
  <datafield tag="650" ind1=" " ind2="4">
    <subfield code="9">29380</subfield>
    <subfield code="a">&#xE01;&#xE32;&#xE23;&#xE17;&#xE38;&#xE08;&#xE23;&#xE34;&#xE15;&#xE41;&#xE25;&#xE30;&#xE1B;&#xE23;&#xE30;&#xE1E;&#xE24;&#xE15;&#xE34;&#xE21;&#xE34;&#xE0A;&#xE2D;&#xE1A;</subfield>
    <subfield code="x">&#xE01;&#xE32;&#xE23;&#xE1E;&#xE34;&#xE08;&#xE32;&#xE23;&#xE13;&#xE32;&#xE41;&#xE25;&#xE30;&#xE15;&#xE31;&#xE14;&#xE2A;&#xE34;&#xE19;&#xE04;&#xE14;&#xE35;</subfield>
  </datafield>
  <datafield tag="650" ind1=" " ind2="4">
    <subfield code="9">60826</subfield>
    <subfield code="a">&#xE01;&#xE32;&#xE23;&#xE17;&#xE38;&#xE08;&#xE23;&#xE34;&#xE15;&#xE41;&#xE25;&#xE30;&#xE1B;&#xE23;&#xE30;&#xE1E;&#xE24;&#xE15;&#xE34;&#xE21;&#xE34;&#xE0A;&#xE2D;&#xE1A;&#xE17;&#xE32;&#xE07;&#xE01;&#xE32;&#xE23;&#xE40;&#xE21;&#xE37;&#xE2D;&#xE07;</subfield>
    <subfield code="x">&#xE01;&#xE0E;&#xE2B;&#xE21;&#xE32;&#xE22;&#xE41;&#xE25;&#xE30;&#xE23;&#xE30;&#xE40;&#xE1A;&#xE35;&#xE22;&#xE1A;&#xE02;&#xE49;&#xE2D;&#xE1A;&#xE31;&#xE07;&#xE04;&#xE31;&#xE1A;</subfield>
  </datafield>
  <datafield tag="700" ind1="0" ind2=" ">
    <subfield code="9">60828</subfield>
    <subfield code="a">&#xE0A;&#xE32;&#xE25;&#xE35; &#xE17;&#xE31;&#xE1E;&#xE20;&#xE27;&#xE34;&#xE21;&#xE25;</subfield>
  </datafield>
  <datafield tag="700" ind1="0" ind2=" ">
    <subfield code="9">60829</subfield>
    <subfield code="a">&#xE40;&#xE14;&#xE0A;&#xE32; &#xE22;&#xE34;&#xE49;&#xE21;&#xE2D;&#xE33;&#xE19;&#xE27;&#xE22;</subfield>
  </datafield>
  <datafield tag="850" ind1=" " ind2=" ">
    <subfield code="a">NALT</subfield>
  </datafield>
  <datafield tag="942" ind1=" " ind2=" ">
    <subfield code="c">LB</subfield>
    <subfield code="2">local</subfield>
  </datafield>
  <datafield tag="996" ind1=" " ind2=" ">
    <subfield code="a">chunbijaya.r</subfield>
    <subfield code="b">CATSTF	</subfield>
    <subfield code="c">2023-05-03</subfield>
  </datafield>
  <datafield tag="996" ind1=" " ind2=" ">
    <subfield code="a">areerat.v</subfield>
    <subfield code="b">CATSTF	</subfield>
    <subfield code="c">2023-05-09</subfield>
  </datafield>
  <datafield tag="999" ind1=" " ind2=" ">
    <subfield code="c">102031</subfield>
    <subfield code="d">102031</subfield>
  </datafield>
  <datafield tag="998" ind1=" " ind2=" ">
    <subfield code="j">8</subfield>
    <subfield code="k"> &#xE19;&#xE32;&#xE22;&#xE1A;&#xE31;&#xE13;&#xE11;&#xE34;&#xE15;  &#xE2D;&#xE38;&#xE17;&#xE32;&#xE27;&#xE07;&#xE04;&#xE4C;</subfield>
  </datafield>
  <datafield tag="952" ind1=" " ind2=" ">
    <subfield code="0">0</subfield>
    <subfield code="1">0</subfield>
    <subfield code="2">local</subfield>
    <subfield code="4">0</subfield>
    <subfield code="7">0</subfield>
    <subfield code="8">CLAW</subfield>
    <subfield code="a">NALT</subfield>
    <subfield code="b">NALT</subfield>
    <subfield code="c">LAW</subfield>
    <subfield code="d">2023-05-03</subfield>
    <subfield code="l">3</subfield>
    <subfield code="m">3</subfield>
    <subfield code="o">KT 122 &#xE19;114&#xE23;</subfield>
    <subfield code="p">3961223026</subfield>
    <subfield code="r">2024-11-25 00:00:00</subfield>
    <subfield code="s">2024-11-12</subfield>
    <subfield code="w">2023-05-03</subfield>
    <subfield code="y">LB</subfield>
  </datafield>
</record>
